=LDR 00000nam 2200000 4500 =001 INLIS000000000008925 =005 20130612100740 =008 ***********************************Ind** =035 ##$$0010-061300000008925 =041 ##$$a Ind =082 ##$$a 747.75 =090 ##$$a 747.75, san r =100 ##$$a Sanjaya, Imelda =245 ##$$a Ruang duduk; Imelda sanjaya =250 ##$$a Seri menata rumah =260 ##$$a 2001 $b Jakarta =300 ##$$a 96 hlm, Ilus, 21cm =650 ##$$a Rumah duduk =850 ##$$a NBPNMAT